[Event "Winter Server Series, S91009"]
[Site "CCLA"]
[Date "2019.02.23"]
[Round "?"]
[White "Moujan, Pablo"]
[Black "Haines, John"]
[Result "0-1"]
[WhiteElo "1417"]
[BlackElo "1472"]

1. c4 Nf6 2. g3 g6 3. Bg2 Bg7 4. Nc3 c6 5. Nf3 d6 6. O-O O-O 7. d4 Nbd7 8.
 e4 e5 9. h3 Ne8 10. Be3 f5 11. exf5 Rxf5 12. Re1 Nc7 13. Ne4 Qf8 14. g4 
Rf7 15. dxe5 dxe5 16. Qd2 Ne6 17. Rf1 Rxf3 18. Bxf3 Qxf3 19. Bh6 Qxe4 20. 
Bxg7 Nxg7 21. Rae1 Qd4 22. Qe2 Ne6 23. Rd1 Qf4 24. Rd3 Nd4 25. Qd1 Nf6 26.
 Kg2 Bd7 27. Rg3 Rf8 28. f3 Be6 29. b3 Ne8 30. Re1 Qg5 31. Qd3 Rf4 32. Re4
Nf6 33. Rxf4 Qxf4 34. a4 Qc1 35. g5 Nh5 0-1

[Event "Winter Server Series, S91009"]
[Site "CCLA"]
[Date "2019.02.23"]
[Round "?"]
[White "Moujan, Pablo"]
[Black "Lartigue, Jonathan"]
[Result "0-1"]
[WhiteElo "1417"]
[BlackElo "1654"]

1. c4 g6 2. g3 Bg7 3. Bg2 e5 4. Nc3 d6 5. e4 Ne7 6. Nge2 Nbc6 7. d3 Nd4 8.
 O-O h5 9. Be3 h4 10. Nd5 hxg3 11. fxg3 Bg4 12. Bxd4 exd4 13. Qc2 c6 14. 
Nxe7 Qxe7 15. Rf4 Qg5 16. Raf1 Be6 17. Qb3 O-O-O 18. h4 Qh6 19. a4 Be5 20.
 R4f3 g5 21. Rxf7 Rd7 22. Rxd7 Bxd7 23. a5 gxh4 24. Rf7 Qd2 0-1

[Event "Winter Server Series, S91009"]
[Site "CCLA"]
[Date "2019.02.23"]
[Round "?"]
[White "McLaughlin, Ed"]
[Black "Moujan, Pablo"]
[Result "1-0"]
[WhiteElo "1629"]
[BlackElo "1417"]

1. d4 Nf6 2. c4 c5 3. Nf3 cxd4 4. Nxd4 e6 5. Nc3 Bb4 6. Bd2 O-O 7. a3 Ba5 
8. b4 Bc7 9. Bg5 Nc6 10. Rc1 Nxd4 11. Qxd4 e5 12. Qh4 Re8 13. Nd5 Re6 14. 
Bxf6 gxf6 15. Rc3 f5 16. Rg3+ Rg6 17. Ne7+ Kg7 18. Nxg6 fxg6 19. Qxd8 Bxd8
20. Rd3 Be7 21. e3 d6 22. Be2 b6 23. O-O Be6 24. Rd2 Rc8 25. Rc1 d5 26. 
Rdc2 d4 27. exd4 exd4 28. Bd3 Bg5 29. Re1 Kf6 30. Rce2 Bxc4 31. Bxc4 Rxc4 
32. Re7 Rc1 33. Re6+ Kg7 34. Kf1 d3 35. Rxc1 Bxc1 36. Re7+ Kf6 37. Rxa7 
Ke6 38. a4 Kd5 39. a5 bxa5 40. bxa5 Ba3 41. Rxh7 Kc6 42. a6 d2 43. Ke2 Bb4
44. a7 1-0

[Event "Winter Server Series, S91009"]
[Site "CCLA"]
[Date "2019.02.23"]
[Round "?"]
[White "McLaughlin, Ed"]
[Black "Smiley, William R."]
[Result "1/2-1/2"]
[WhiteElo "1629"]
[BlackElo "1523"]

1. d4 d5 2. e3 e6 3. Bd3 Nf6 4. Nd2 c6 5. c3 Be7 6. f4 Nbd7 7. Ngf3 O-O 8.
 O-O c5 9. Ne5 g6 10. g4 Ne8 11. g5 Kg7 12. Qg4 f5 13. Qh4 Nxe5 14. Qh6+ 
Kh8 15. dxe5 Rf7 16. Rf3 Bf8 17. Qh4 h5 18. Nf1 Rh7 19. b3 b6 20. Rh3 Ng7 
21. Bb2 Bb7 22. Qf2 Qc7 23. Rh4 c4 24. Be2 b5 25. Bf3 a5 26. Qg2 Qf7 27. 
Ng3 Bc6 28. bxc4 1/2-1/2

[Event "Winter Server Series, S91009"]
[Site "CCLA"]
[Date "2019.02.23"]
[Round "?"]
[White "McLaughlin, Ed"]
[Black "Haines, John"]
[Result "1-0"]
[WhiteElo "1629"]
[BlackElo "1472"]

1. d4 Nf6 2. e3 g6 3. b3 Bg7 4. Bb2 O-O 5. Nd2 d6 6. Ngf3 Bd7 7. Bc4 Qc8 
8. O-O Be6 9. Qe2 Bxc4 10. Qxc4 Nbd7 11. e4 e5 12. d5 Ne8 13. Rae1 f5 14. 
Ng5 Bh6 15. Ndf3 f4 16. Ne6 Rf7 17. Nfg5 Bxg5 18. Nxg5 Re7 19. Qc3 Nf8 20.
 g3 Qg4 21. Nf3 Nf6 22. Kg2 Qh5 23. Nh4 Qg5 24. h3 Rae8 25. Nf3 Qh6 26. 
gxf4 Qh5 27. fxe5 dxe5 28. Rg1 g5 29. Nxg5 Rg7 30. Kh2 Kh8 31. Qf3 Qxf3 
32. Nxf3 N6d7 33. Rxg7 Kxg7 34. Rg1+ Kh8 35. Rg5 Ng6 36. h4 Rf8 37. Kg3 
Rf4 38. h5 Ngf8 39. Nxe5 1-0

[Event "Winter Server Series, S91009"]
[Site "CCLA"]
[Date "2019.02.23"]
[Round "?"]
[White "McLaughlin, Ed"]
[Black "Lartigue, Jonathan"]
[Result "0-1"]
[WhiteElo "1629"]
[BlackElo "1654"]

1. d4 Nf6 2. Nd2 d5 3. e3 Bf5 4. c4 e6 5. Ngf3 a5 6. Qb3 b6 7. Ne5 c5 8. 
Qb5+ Nbd7 9. Ndf3 Qc7 10. Ng5 cxd4 11. exd4 Bb4+ 12. Kd1 O-O 13. Ngxf7 
Rxf7 14. Nxf7 Ng4 15. Be3 Nxf2+ 16. Bxf2 Qf4 17. Be1 Qxd4+ 0-1

[Event "Winter Server Series, S91009"]
[Site "CCLA"]
[Date "2019.02.23"]
[Round "?"]
[White "Smiley, William R."]
[Black "Moujan, Pablo"]
[Result "1-0"]
[WhiteElo "1523"]
[BlackElo "1417"]

1. e4 c5 2. Nf3 g6 3. d4 cxd4 4. Nxd4 Bg7 5. c3 Nc6 6. Nf3 Nf6 7. Bd3 O-O 
8. O-O d5 9. e5 Ng4 10. Bf4 Ngxe5 11. Bc2 Bg4 12. Nbd2 Nxf3+ 13. Nxf3 e5 
14. Bd2 e4 15. h3 Bxf3 16. gxf3 Qh4 17. Kg2 f5 18. Qc1 f4 19. Qd1 Rf5 20. 
Rh1 Bh6 21. Kf1 Re5 22. Be1 Rf8 23. Qe2 e3 24. fxe3 Qe7 25. e4 Rff5 26. 
Rd1 Rh5 27. Qf2 Reg5 28. Rxd5 Ne5 29. Bb3 Kg7 30. Bd1 Rg3 31. Qd4 Kf7 32. 
Bxg3 fxg3 33. f4 Bxf4 34. Bxh5 g2+ 35. Kxg2 Qg5+ 36. Bg4 h5 37. Rxe5 Bxe5 
38. Qd7+ Kg8 39. Rf1 Bf6 40. Qd5+ Kg7 41. Qxg5 1-0

[Event "Winter Server Series, S91009"]
[Site "CCLA"]
[Date "2019.02.23"]
[Round "?"]
[White "Smiley, William R."]
[Black "McLaughlin, Ed"]
[Result "0-1"]
[WhiteElo "1523"]
[BlackElo "1629"]

1. e4 e6 2. d4 d5 3. e5 c5 4. c3 Nc6 5. Nf3 Bd7 6. Be3 b6 7. Bd3 f6 8. O-O
Qc7 9. Re1 c4 10. Bc2 O-O-O 11. Bf4 g5 12. Bg3 f5 13. Nxg5 Nh6 14. h3 Be7 
15. Bf4 Rdg8 16. Nxe6 Bxe6 17. Bxh6 Rg6 18. Bf4 Rhg8 19. Bg3 Qd8 20. Nd2 
Bh4 21. Re3 f4 22. Bxg6 fxe3 23. Bxh7 exf2+ 24. Bxf2 Bxf2+ 25. Kxf2 Qh4+ 
26. Kf1 Qxh7 27. Nf3 Bxh3 0-1

[Event "Winter Server Series, S91009"]
[Site "CCLA"]
[Date "2019.02.23"]
[Round "?"]
[White "Smiley, William R."]
[Black "Haines, John"]
[Result "1/2-1/2"]
[WhiteElo "1523"]
[BlackElo "1472"]

1. e4 e6 2. d4 d5 3. e5 c5 4. c3 Nc6 5. Nf3 Qb6 6. Bd3 cxd4 7. cxd4 Bd7 8.
 Bc2 Nge7 9. b3 Ng6 10. Be3 Be7 11. O-O O-O 12. Nc3 Rac8 13. Rc1 Ba3 14. 
Rb1 Be7 15. Bxg6 hxg6 16. Qe2 a6 17. Rfc1 Qa7 18. h3 Qb8 19. Qd3 Nb4 20. 
Qd2 Nc6 21. Ne2 Bb4 22. Qb2 Be7 23. a3 Na7 24. Ne1 Rxc1 25. Rxc1 Rc8 26. 
Rxc8+ Qxc8 27. Nc3 Nb5 28. Nxb5 Bxb5 29. a4 Bd7 30. Nd3 b6 31. f4 1/2-1/2

[Event "Winter Server Series, S91009"]
[Site "CCLA"]
[Date "2019.02.23"]
[Round "?"]
[White "Haines, John"]
[Black "Moujan, Pablo"]
[Result "1-0"]
[WhiteElo "1472"]
[BlackElo "1417"]

1. d4 Nf6 2. Nf3 g6 3. Bg5 Bg7 4. c3 O-O 5. Nbd2 d6 6. e4 c5 7. dxc5 dxc5 
8. Bc4 Nc6 9. Qe2 Qc7 10. O-O Na5 11. e5 Nxc4 12. Nxc4 Nd5 13. Rfe1 Bg4 
14. Qe4 e6 15. Qxg4 h6 16. Bd2 Rae8 17. Qe4 f5 18. Qb1 b6 19. Qc1 f4 20. 
Re4 g5 21. h3 Rf5 22. Nd6 Ref8 23. Nxf5 Rxf5 24. Qe1 Kh7 25. Qe2 Ne7 26. 
Rd1 Nc6 27. Re1 Kg6 28. h4 a5 29. hxg5 hxg5 30. Qc4 Kf7 31. Qe2 g4 32. Nh4
Rxe5 33. Bxf4 Rxe4 34. Bxc7 1-0

[Event "Winter Server Series, S91009"]
[Site "CCLA"]
[Date "2019.02.23"]
[Round "?"]
[White "Haines, John"]
[Black "McLaughlin, Ed"]
[Result "0-1"]
[WhiteElo "1472"]
[BlackElo "1629"]

1. e4 c5 2. Nf3 a6 3. d4 cxd4 4. Nxd4 Nf6 5. Nc3 e5 6. Nf3 Bb4 7. Qd3 Qc7 
8. Bd2 b5 9. Be2 Bb7 10. O-O d6 11. a3 Bxc3 12. Bxc3 Bxe4 13. Qd2 Nd5 14. 
Rac1 Nxc3 15. Qxc3 Qxc3 16. bxc3 O-O 17. Rfd1 Nc6 18. Rxd6 Rfd8 19. Rxd8+ 
Rxd8 20. Rd1 f6 21. Rxd8+ Nxd8 22. Ne1 Bd5 23. f3 Ne6 24. Bd3 g6 25. Kf2 
Nc5 26. Ke3 f5 27. Kd2 Kf7 28. Ke2 Na4 29. Kd2 Nb6 30. Ke3 Nc4+ 31. Bxc4 
f4+ 32. Kd3 bxc4+ 33. Kd2 Ke6 34. Kc1 g5 35. Kd2 h5 36. Ke2 Kf5 37. Kf2 g4
38. Ke2 e4 39. fxe4+ Bxe4 40. Kf2 h4 41. Ke2 h3 42. gxh3 g3 43. hxg3 fxg3 
44. Kf1 Kf4 45. Ng2+ Kf3 46. Nh4+ Ke3 47. Ng2+ Kd2 48. h4 Kxc3 49. h5 Kxc2
50. Ne3+ Kb3 51. h6 c3 52. h7 Bxh7 53. Kg2 c2 54. Nxc2 Bxc2 55. Kxg3 Kxa3 
0-1

[Event "Winter Server Series, S91009"]
[Site "CCLA"]
[Date "2019.02.23"]
[Round "?"]
[White "Haines, John"]
[Black "Smiley, William R."]
[Result "0-1"]
[WhiteElo "1472"]
[BlackElo "1523"]

1. d4 d5 2. Nf3 Nc6 3. Bf4 e6 4. e3 Bd6 5. Bxd6 cxd6 6. c3 Nf6 7. Nbd2 O-O
8. Bd3 e5 9. dxe5 dxe5 10. e4 Bg4 11. Qb1 d4 12. O-O dxc3 13. bxc3 b6 14. 
Re1 Qc7 15. Qc2 Rfd8 16. Re3 Rac8 17. Rc1 h6 18. Qb1 Nd4 19. Be2 Nxe2+ 20.
 Rxe2 Qe7 21. h3 Be6 22. Nxe5 Rc5 23. Nef3 Nh5 24. Nb3 Bxb3 25. axb3 Nf4 
26. Re3 Rdc8 27. Qb2 b5 28. Qa1 R8c6 29. Kh2 Qc7 30. Kh1 Rg6 31. Nh4 Rgg5 
32. Rf3 Ne2 33. Re1 Nxc3 34. Ree3 Nxe4 35. Re1 Rc2 36. Qd4 Nf6 37. Qd1 
Rgc5 38. Rd3 Rxf2 39. Rf3 Rfc2 40. Rff1 Qg3 41. Qd4 Rd5 42. Qf4 Qxf4 43. 
Rxf4 Rc3 44. Rf3 Rxf3 45. Nxf3 Rd7 46. Ra1 Kf8 47. Re1 Re7 48. Kg1 Rxe1+ 
49. Nxe1 Ke7 50. Kf1 Kd6 51. Ke2 Kc5 52. Nd3+ Kd4 53. Kd2 Nd5 54. g3 f5 
55. Nf2 a5 56. Nd3 g5 57. Ne1 Ne3 58. Nf3+ Ke4 59. Ne1 Nf1+ 0-1

[Event "Winter Server Series, S91010"]
[Site "CCLA"]
[Date "2019.02.23"]
[Round "?"]
[White "Hodgkins, Neil C."]
[Black "Sanchez, David A."]
[Result "0-1"]
[WhiteElo "1448"]
[BlackElo "1435"]

1. d4 d5 2. c4 c6 3. Nf3 e6 4. Bf4 dxc4 5. Nc3 b5 6. a3 Nf6 7. e4 Bb7 8. 
g3 Nbd7 9. Bg2 Qb6 10. O-O Be7 11. Re1 c5 12. dxc5 Bxc5 13. Qc2 Ng4 14. 
Nd1 O-O-O 15. Ne3 h5 16. h3 Nxe3 17. Bxe3 e5 18. Bxc5 Qxc5 19. Rad1 f6 20.
 h4 Nb6 21. Bh3+ Kb8 22. Nh2 Qe7 23. f3 Rxd1 24. Rxd1 Rd8 25. Bf5 Na4 26. 
Bg6 Rxd1+ 27. Qxd1 Nxb2 28. Qd2 Nd3 29. Qc3 Qc5+ 30. Kh1 Qf2 31. Qa1 Ne1 
0-1

[Event "Winter Server Series, S91010"]
[Site "CCLA"]
[Date "2019.02.23"]
[Round "?"]
[White "Hodgkins, Neil C."]
[Black "Gunning, Edward E."]
[Result "1/2-1/2"]
[WhiteElo "1448"]
[BlackElo "1483"]

1. d4 d5 2. c4 Nf6 3. Nf3 e6 4. Bg5 Nbd7 5. a3 c5 6. cxd5 exd5 7. Nc3 Nb6 
8. e4 c4 9. e5 h6 10. Bxf6 gxf6 11. Be2 fxe5 12. Nxe5 Be6 13. O-O Bg7 14. 
f4 O-O 15. Bg4 Nd7 16. Qe2 Nf6 17. Bxe6 fxe6 18. g4 Nd7 19. Rad1 Nxe5 20. 
fxe5 Qg5 21. Qg2 Rxf1+ 22. Rxf1 Rf8 23. h3 Rxf1+ 24. Qxf1 Qe3+ 25. Qf2 
Qxh3 26. Qg2 Qxg2+ 27. Kxg2 a6 28. Na4 Bf8 29. Kg3 Be7 30. Kf3 Bg5 31. Nc3
Bc1 32. Nd1 b5 33. Ke2 c3 34. bxc3 Bxa3 35. Kd2 b4 36. cxb4 Bxb4+ 37. Kd3 
a5 38. Ne3 a4 39. Nc2 Be7 40. Kc3 Bg5 41. Kb4 a3 42. Kxa3 Bd2 43. Kb3 Kg7 
44. Na3 Kg6 45. Kc2 Be3 46. Kd3 Bf4 47. Ke2 Kg5 48. Kf3 Bc1 49. Nb5 
1/2-1/2

[Event "Winter Server Series, S91010"]
[Site "CCLA"]
[Date "2019.02.23"]
[Round "?"]
[White "Hodgkins, Neil C."]
[Black "Nurmi, Ronald"]
[Result "0-1"]
[WhiteElo "1448"]
[BlackElo "1483"]

1. d4 d5 2. c4 c6 3. Nf3 Nf6 4. Bg5 Ne4 5. Nc3 Qa5 6. Qb3 Nxg5 7. Nxg5 
dxc4 8. Qxc4 Qxg5 9. g3 Bf5 10. e4 Be6 11. Qd3 f6 12. Bg2 Nd7 13. O-O 
O-O-O 14. Rad1 Qa5 15. f4 g5 16. f5 Bf7 17. Qb1 e6 18. g4 exf5 19. Rxf5 
Qb6 20. Kh1 Be6 21. Rff1 Bxg4 22. Bf3 Bxf3+ 23. Rxf3 Bd6 24. a3 h5 25. d5 
Kb8 26. dxc6 Qxc6 27. Nd5 Be5 28. Rc1 Qb5 29. Rf2 g4 30. Nc3 Bxc3 31. Rxc3
Qb6 32. Rd2 Ne5 33. Rdc2 Rc8 34. Qc1 Rxc3 35. Rxc3 Qf2 36. b4 h4 37. Qg1 
Qxg1+ 38. Kxg1 Rc8 39. Re3 h3 40. Kf2 Rc2+ 0-1

[Event "Winter Server Series, S91010"]
[Site "CCLA"]
[Date "2019.02.23"]
[Round "?"]
[White "Sanchez, David A."]
[Black "Hodgkins, Neil C."]
[Result "0-1"]
[WhiteElo "1435"]
[BlackElo "1448"]

1. d4 Nf6 2. c4 g6 3. Nc3 Bg7 4. e4 d6 5. Nf3 e6 6. Be3 O-O 7. Be2 Nc6 8. 
d5 exd5 9. cxd5 Ne5 10. Rc1 Re8 11. O-O Bd7 12. Nxe5 dxe5 13. f3 c6 14. 
dxc6 Bxc6 15. Bb5 Qxd1 16. Rfxd1 Rec8 17. Nd5 Nxd5 0-1

[Event "Winter Server Series, S91010"]
[Site "CCLA"]
[Date "2019.02.23"]
[Round "?"]
[White "Sanchez, David A."]
[Black "Gunning, Edward E."]
[Result "1/2-1/2"]
[WhiteElo "1435"]
[BlackElo "1483"]

1. d4 d5 2. c4 e6 3. Nf3 Nf6 4. g3 b6 5. Bg2 Bb7 6. O-O Nbd7 7. cxd5 Bxd5 
8. Bf4 c5 9. Nc3 Be7 10. Re1 O-O 11. e4 Bc6 12. e5 Nd5 13. Nxd5 Bxd5 14. 
h4 f6 15. exf6 Rxf6 16. Ng5 Rc8 17. Bxd5 exd5 18. Qh5 Nf8 19. Re2 Qe8 20. 
Qxe8 Rxe8 21. Rae1 Ng6 22. h5 Nxf4 23. Rxe7 Rxe7 24. Rxe7 Nxh5 25. dxc5 
bxc5 26. Re5 h6 27. Ne6 g5 28. Nxc5 Rd6 29. Kf1 Nf6 30. Re7 a6 31. Ra7 Ne4
32. Rxa6 Rxa6 33. Nxa6 h5 34. Nb4 d4 35. a4 Nc5 36. a5 h4 37. gxh4 gxh4 
38. Kg2 Na6 39. Nd3 Kf7 40. Kh3 Kf6 41. Kxh4 Ke6 42. b3 Kd5 43. f3 Nc5 44.
 Nb4+ Kd6 45. Kg3 Nxb3 46. a6 Kc7 47. Kf2 Nc5 48. Ke2 Kb6 49. f4 d3+ 50. 
Nxd3 1/2-1/2

[Event "Winter Server Series, S91010"]
[Site "CCLA"]
[Date "2019.02.23"]
[Round "?"]
[White "Sanchez, David A."]
[Black "Nurmi, Ronald"]
[Result "0-1"]
[WhiteElo "1435"]
[BlackElo "1483"]

1. d4 d5 2. c4 c6 3. Nc3 Nf6 4. Nf3 dxc4 5. a4 Bf5 6. e3 e6 7. Bxc4 Bb4 8.
 O-O O-O 9. Qd2 Nbd7 10. Qe2 Bg4 11. Rd1 Qc7 12. Bd3 a5 13. e4 h6 14. e5 
Nd5 15. Qe4 Bf5 16. Qh4 f6 17. Nxd5 cxd5 18. Bf4 fxe5 19. Nxe5 Nxe5 20. 
Bxe5 Qf7 21. Rac1 Bxd3 22. Rc7 Qg6 23. Rxg7+ Qxg7 24. Bxg7 Kxg7 25. Qg3+ 
Bg6 0-1

[Event "Winter Server Series, S91010"]
[Site "CCLA"]
[Date "2019.02.23"]
[Round "?"]
[White "Gunning, Edward E."]
[Black "Hodgkins, Neil C."]
[Result "1-0"]
[WhiteElo "1483"]
[BlackElo "1448"]

1. e4 c5 2. Nf3 d6 3. Nc3 Nf6 4. d4 cxd4 5. Nxd4 Nc6 6. Bg5 a6 7. Bxf6 
exf6 8. g3 Qb6 9. Nxc6 Qxc6 10. Bd3 Be7 11. Nd5 Bd8 12. Qf3 O-O 13. b3 Re8
14. O-O Be6 15. c4 Qd7 16. Qf4 Bxd5 17. cxd5 Rc8 18. Rac1 Be7 19. Kg2 g5 
20. Qf3 Qd8 21. Qh5 Kg7 22. Rce1 Rh8 23. Re3 Qg8 24. g4 Kf8 25. f4 h6 26. 
e5 gxf4 27. Rxf4 Qg5 28. Qxg5 fxg5 29. Rff3 dxe5 30. Rxe5 Bd6 31. Ref5 Rc7
32. Rf6 Bf4 33. Rh3 Kg7 34. Rb6 f6 35. d6 Rd7 36. Bf5 Rxd6 37. Rxb7+ Kf8 
38. Rc3 Rd8 39. Rc2 Rd2+ 40. Rxd2 Bxd2 41. Bg6 Rg8 42. Rf7+ Ke8 43. Rxf6+ 
Ke7 44. Rxa6 Bc3 45. Bf5 Bf6 46. Bh7 Rd8 47. Ra7+ Kd6 48. Ra5 Ke7 49. Kf3 
Bc3 50. Ra6 Bg7 51. Ke4 Rh8 52. Kf5 Rd8 53. Kg6 Bf8 54. a4 Rb8 55. Ra7+ 
Kd8 56. Bg8 Be7 57. Kxh6 Ke8 58. a5 Kd8 59. Be6 Ke8 60. Kg7 Bf8+ 61. Kf6 
Be7+ 62. Rxe7+ 1-0

[Event "Winter Server Series, S91010"]
[Site "CCLA"]
[Date "2019.02.23"]
[Round "?"]
[White "Gunning, Edward E."]
[Black "Sanchez, David A."]
[Result "1-0"]
[WhiteElo "1483"]
[BlackElo "1435"]

1. e4 c6 2. d4 d5 3. g3 dxe4 4. Bg2 Nf6 5. Nc3 Bf5 6. Bf4 e6 7. Nge2 Bb4 
8. O-O Nbd7 9. h3 Nd5 10. Nxe4 Nxf4 11. Nxf4 Bxe4 12. Bxe4 Nf6 13. Qd3 
Nxe4 14. Qxe4 g6 15. d5 1-0

[Event "Winter Server Series, S91010"]
[Site "CCLA"]
[Date "2019.02.23"]
[Round "?"]
[White "Gunning, Edward E."]
[Black "Nurmi, Ronald"]
[Result "1-0"]
[WhiteElo "1483"]
[BlackElo "1483"]

1. e4 d5 2. d3 dxe4 3. Nc3 Nf6 4. g3 exd3 5. Bxd3 Nc6 6. Bf4 Bg4 7. f3 Bd7
8. Nge2 e5 9. Bg5 Be7 10. g4 h6 11. Be3 O-O 12. Qd2 e4 13. Nxe4 Ne5 14. 
Rf1 a5 15. g5 Nxe4 16. Bxe4 hxg5 17. Bxb7 Rb8 18. Bd4 Nxf3+ 19. Bxf3 Rxb2 
20. Bxb2 1-0

[Event "Winter Server Series, S91010"]
[Site "CCLA"]
[Date "2019.02.23"]
[Round "?"]
[White "Nurmi, Ronald"]
[Black "Hodgkins, Neil C."]
[Result "1/2-1/2"]
[WhiteElo "1483"]
[BlackElo "1448"]

1. d4 Nf6 2. Bf4 g6 3. Nc3 Bg7 4. e4 d6 5. Qd2 O-O 6. O-O-O Nc6 7. Nf3 Re8
8. Bh6 Ng4 9. Bxg7 Kxg7 10. h3 Nf6 11. h4 h5 12. Ng5 Nh7 13. Nxh7 Kxh7 14.
 Be2 e5 15. d5 Nd4 16. f3 a6 17. g4 Nxe2+ 18. Qxe2 Bd7 19. gxh5 gxh5 20. 
Rdg1 Rg8 21. Qf2 Qf6 22. Ne2 c6 23. dxc6 Bxc6 24. Nc3 Qe6 25. b3 f5 26. 
Kb2 fxe4 27. fxe4 Raf8 28. Qe2 Rg4 29. Rf1 Rxf1 30. Qxf1 a5 31. Qe2 Kh6 
32. a4 d5 33. exd5 Bxd5 34. Qd2+ Kg6 35. Qxd5 Qxd5 36. Nxd5 e4 37. Ne3 Rg3
38. Nf1 Rf3 39. Kc1 e3 40. Kd1 Kf5 41. c3 Ke4 42. Ke2 Rf2+ 43. Ke1 Rf3 44.
 Rh2 Kd3 45. c4 b6 46. Re2 Kd4 47. Nh2 Rh3 48. Nf1 Rf3 49. Nh2 Rh3 1/2-1/2

[Event "Winter Server Series, S91010"]
[Site "CCLA"]
[Date "2019.02.23"]
[Round "?"]
[White "Nurmi, Ronald"]
[Black "Sanchez, David A."]
[Result "1-0"]
[WhiteElo "1483"]
[BlackElo "1435"]

1. d4 d5 2. Bf4 Nf6 3. e3 c5 4. c3 Nc6 5. Nd2 Bf5 6. Qb3 Qc8 7. Ngf3 e6 8.
 Be2 Be7 9. Ne5 O-O 10. g4 Bg6 11. O-O-O Na5 12. Qa4 Nc6 13. h4 h6 14. 
Nxg6 fxg6 15. g5 Ne4 16. Nxe4 dxe4 17. dxc5 e5 18. Bg3 1-0

[Event "Winter Server Series, S91010"]
[Site "CCLA"]
[Date "2019.02.23"]
[Round "?"]
[White "Nurmi, Ronald"]
[Black "Gunning, Edward E."]
[Result "0-1"]
[WhiteElo "1483"]
[BlackElo "1483"]

1. d4 d5 2. Bf4 Nf6 3. e3 Nc6 4. Nf3 e6 5. Nbd2 a6 6. c3 Bd6 7. Bg3 O-O 8.
 Bd3 b5 9. Bxd6 Qxd6 10. Qc2 g6 11. O-O-O Ng4 12. Nb3 e5 13. h3 Nf6 14. e4
dxe4 15. Bxe4 exd4 16. Nbxd4 Qf4+ 17. Nd2 Nxd4 18. Qd3 Nxe4 19. Qxd4 Qxf2 
20. Qxe4 Rb8 21. g4 Bb7 22. Rhf1 Bxe4 23. Rxf2 f5 24. Nxe4 fxe4 25. Re2 
Rf3 26. Rxe4 Rxh3 27. Rd7 Rh1+ 28. Kc2 Rh2+ 29. Kb3 c5 30. Ree7 c4+ 31. 
Ka3 a5 32. Rg7+ Kh8 33. Rb7 b4+ 34. cxb4 axb4+ 35. Ka4 Rxb7 36. Rxb7 Rxb2 
0-1

[Event "Winter Server Series, S91011"]
[Site "CCLA"]
[Date "2019.02.23"]
[Round "?"]
[White "Graupera, Carlos"]
[Black "Lines, Daniel"]
[Result "1-0"]
[WhiteElo "1439"]
[BlackElo "1236"]

1. e4 e5 2. Nf3 Nc6 3. d4 exd4 4. Bc4 Bb4+ 5. c3 Bd6 6. cxd4 h6 7. Nc3 f6 
8. O-O Nge7 9. Nh4 Bb4 10. Ng6 Nxg6 11. Qh5 Ne7 12. Nd5 Kf7 13. Nxe7+ 1-0

[Event "Winter Server Series, S91011"]
[Site "CCLA"]
[Date "2019.02.23"]
[Round "?"]
[White "Graupera, Carlos"]
[Black "Jimenez, Jose"]
[Result "1-0"]
[WhiteElo "1439"]
[BlackElo "1199"]

1. e4 e5 2. Nf3 Nf6 3. d4 Bd6 4. Bc4 O-O 5. Nc3 exd4 6. Nxd4 c5 7. Nf3 Nc6
8. O-O a6 9. Bg5 Qa5 10. Bxf6 gxf6 11. Nd5 Kg7 12. Nh4 Be5 13. Nf5+ Kg8 
14. Qg4+ 1-0

[Event "Winter Server Series, S91011"]
[Site "CCLA"]
[Date "2019.02.23"]
[Round "?"]
[White "Graupera, Carlos"]
[Black "Williams, Rufus H."]
[Result "1/2-1/2"]
[WhiteElo "1439"]
[BlackElo "1263"]

1. e4 c5 2. Nf3 Nc6 3. Bb5 d6 4. Bxc6+ bxc6 5. O-O Nf6 6. Re1 Bg4 7. c3 e5
8. d3 Be7 9. Nbd2 O-O 10. h3 Bxf3 11. Qxf3 a6 12. Nf1 a5 13. Ng3 a4 14. 
Nf5 Ra7 15. Bh6 gxh6 16. Nxh6+ Kh8 17. Nf5 Rg8 18. Qe3 Rg6 19. f4 Qg8 20. 
Re2 Rb7 21. Kh2 Ra7 22. fxe5 dxe5 23. Nxe7 Rxe7 24. Qxc5 Rc7 25. Qxe5 Qd8 
26. Rd1 Rc8 27. d4 Qc7 28. Qxc7 Rxc7 29. g4 1/2-1/2

[Event "Winter Server Series, S91011"]
[Site "CCLA"]
[Date "2019.02.23"]
[Round "?"]
[White "Lines, Daniel"]
[Black "Graupera, Carlos"]
[Result "0-1"]
[WhiteElo "1236"]
[BlackElo "1439"]

1. d4 d5 2. Nc3 e6 3. Nf3 c5 4. Be3 cxd4 5. Bxd4 Nc6 6. Be3 Nf6 7. h3 Bb4 
8. Bd2 O-O 9. a3 Ba5 10. b4 Bb6 11. e3 Bd7 12. Bb5 a6 13. Bxc6 bxc6 14. 
O-O c5 15. bxc5 Bxc5 16. Re1 Qc7 17. Ne2 e5 18. Bc3 Bd6 19. Bb4 Bxb4 20. 
axb4 Rfc8 21. c3 Bb5 22. Rc1 a5 23. bxa5 Rxa5 24. Kh1 Bxe2 25. Qxe2 Ne4 
26. c4 dxc4 0-1

[Event "Winter Server Series, S91011"]
[Site "CCLA"]
[Date "2019.02.23"]
[Round "?"]
[White "Lines, Daniel"]
[Black "Jimenez, Jose"]
[Result "1-0"]
[WhiteElo "1236"]
[BlackElo "1199"]

1. d4 d5 2. Nc3 e6 3. Nf3 Nf6 4. Ne5 Bd6 5. Bf4 O-O 6. Nb5 c5 7. Nxd6 Qxd6
8. Ng6 Qd8 9. Nxf8 Qxf8 10. Bxb8 Rxb8 11. e3 c4 12. c3 Qd6 13. Be2 e5 14. 
Qd2 e4 15. O-O Ne8 16. f3 Qg6 17. Qe1 Nd6 18. Qg3 Qxg3 19. hxg3 Bd7 20. 
fxe4 Nxe4 21. Kh2 Re8 22. Bf3 Nd2 23. Rf2 Nxf3+ 24. gxf3 Rxe3 25. Rd1 Ba4 
26. Rdd2 Re1 27. Rfe2 Ra1 28. a3 h5 29. Kg2 g5 30. Re3 b6 31. Rde2 h4 32. 
gxh4 gxh4 33. Re1 Rxe1 34. Rxe1 Bd7 35. Re7 h3+ 36. Kh2 Bf5 37. Rxa7 b5 
38. Rb7 Bd3 39. Rxb5 Bc2 40. Rxd5 1-0

[Event "Winter Server Series, S91011"]
[Site "CCLA"]
[Date "2019.02.23"]
[Round "?"]
[White "Lines, Daniel"]
[Black "Williams, Rufus H."]
[Result "0-1"]
[WhiteElo "1236"]
[BlackElo "1263"]

1. d4 d5 2. Nc3 c6 3. Bf4 Nf6 4. Nf3 Bf5 5. Be5 Nbd7 6. Bf4 e6 7. e3 Bb4 
8. Bd3 Bg6 9. Bxg6 hxg6 10. a3 Ba5 11. Rb1 b5 12. b4 Bc7 13. Bxc7 Qxc7 14.
 h3 a6 15. O-O O-O-O 16. Ng5 Rdf8 17. a4 Nb6 18. a5 Nc4 19. Qf3 Nd2 0-1

[Event "Winter Server Series, S91011"]
[Site "CCLA"]
[Date "2019.02.23"]
[Round "?"]
[White "Jimenez, Jose"]
[Black "Graupera, Carlos"]
[Result "0-1"]
[WhiteElo "1199"]
[BlackElo "1439"]

1. e4 d5 2. Bd3 dxe4 3. Bxe4 Nf6 4. d3 e5 5. Nf3 Nc6 6. O-O Be7 7. Nc3 O-O
8. Nd5 Nxd5 9. c4 Nf6 10. Bxc6 bxc6 11. Nxe5 Bd7 12. d4 Rb8 13. Qa4 Bd6 
14. Qxa7 Bxe5 15. dxe5 Ne8 16. b3 f6 17. exf6 Nxf6 18. Bf4 Rc8 19. Qe3 Ng4
20. Qh3 Rxf4 21. Qg3 Qf8 22. f3 Ne3 23. Rf2 Re8 24. Rd2 Bc8 25. h4 Qf6 26.
 Re1 Rf5 27. Qxc7 Rfe5 28. a4 Qxh4 29. Ree2 Bh3 30. Rd7 Bxd7 31. Qxd7 Qg3 
32. Qxc6 Nxg2 33. Kf1 Rxe2 0-1

[Event "Winter Server Series, S91011"]
[Site "CCLA"]
[Date "2019.02.23"]
[Round "?"]
[White "Jimenez, Jose"]
[Black "Lines, Daniel"]
[Result "1-0"]
[WhiteElo "1199"]
[BlackElo "1236"]

1. e4 e5 2. Nf3 Nc6 3. d3 d6 4. Be3 Be6 5. Nc3 Nf6 6. Qe2 d5 7. O-O-O dxe4
8. dxe4 Bb4 9. Rxd8+ Rxd8 10. Nb5 O-O 11. Nxc7 1-0